header

The making of Saudi Arabia, 1916-1936 (Record no. 19244)

MARC details
000 -LEADER
fixed length control field 01666nam a2200361Ia 4500
100 1# - MAIN ENTRY--AUTHOR NAME
Personal name Kostiner, Joseph.
245 14 - TITLE STATEMENT
Title The making of Saudi Arabia, 1916-1936
260 ## - PUBLICATION, DISTRIBUTION, ETC. (IMPRINT)
Place of publication New York :
Name of publisher Oxford University Press,
Year of publication 1993.
300 ## - PHYSICAL DESCRIPTION
Number of Pages xii, 260 p. :
Other physical details maps.
490 1# - SERIES STATEMENT
Series statement Studies in Middle Eastern history
500 ## - GENERAL NOTE
General note "In cooperation with the Moshe Dayan Center and the Shiloah Institute for Middle Eastern and African Studies, Tel Aviv University."
650 #0 - SUBJECT ADDED ENTRY--TOPICAL TERM
Topical Term Monarchy
856 40 - ELECTRONIC LOCATION AND ACCESS
Uniform Resource Identifier http://site.ebrary.com/lib/rucke/Doc?id=10278934

No items available.

© 2026 Rongo University
Contact us: librarian | system librarian | Rongo university